| 000 | 01181nac a22003857a 4500 | ||
|---|---|---|---|
| 001 | BR0901823 | ||
| 003 | BR-BrBNA | ||
| 005 | 20240105123731.0 | ||
| 008 | 230509b bl.|||m| |||| 00| 0 por d | ||
| 040 |
_aBR-BrBNA _bpor _cBiblioteca Nacional de Agricultura |
||
| 072 | _aH20 | ||
| 090 | _a1160 BR0901823 | ||
| 100 | 1 | _aCardoso, J.E. | |
| 100 | 1 | _aSantos, A.A. dos | |
| 100 | 1 | _aBezerra, M.A. | |
| 100 | 1 | _aSouza Neto, J. de | |
| 100 | 1 | _aSouza, R.N.M. de | |
| 110 | 1 |
_aEMBRAPA Agroindústria Tropical, Fortaleza, CE (Brasil) _93541 |
|
| 245 | 1 | _aEpidemiologia do mofo-preto e danos na produção do cajueiro | |
| 260 | 3 |
_aFortaleza, CE (Brasil): _c2005. |
|
| 300 | _a16 p. | ||
| 490 |
_aBoletim de Pesquisa e Desenvolvimento - EMBRAPA Agroindústria Tropical (Brazil) _vno. 23 _xISSN 1677-1907 |
||
| 500 | _a14 ref. | ||
| 650 | _aCAJU | ||
| 650 | _aCASTANHA | ||
| 650 | _aANACARDIUM OCCIDENTALE | ||
| 650 | _aMOFO PRETO | ||
| 650 | _aDOENÇA DE PLANTA | ||
| 650 | _aCONTROLE QUÍMICO | ||
| 650 | _aFUNGICIDA | ||
| 650 | _aPRODUÇÃO VEGETAL | ||
| 650 | _aEPIDEMIOLOGIA | ||
| 909 |
_a202312 _bLúcia Elande _c55 _dLúcia Elande |
||
| 942 |
_2AGRIS _n0 _cMS |
||
| 999 |
_c296759 _d296759 |
||